[Event "Polanica Zdroj op-A 46th"]
[Site "Polanica Zdroj"]
[Date "2010.08.25"]
[Round "7"]
[White "Dzieczkaniec, Piotr"]
[Black "Litwin, Jozef"]
[Result "0-1"]
[WhiteElo "1994"]
[BlackElo "2189"]
[PlyCount "62"]
[EventDate "2010.08.19"]
[EventType "swiss"]
[EventRounds "10"]
[EventCountry "POL"]
[SourceTitle "CBM 138 Extra"]
[Source "ChessBase"]
[SourceDate "2010.10.29"]
[SourceVersion "1"]
[SourceVersionDate "2010.10.29"]
[SourceQuality "1"]

1. c4 c6 2. Nf3 d5 3. e3 Nf6 4. Be2 Bf5 5. Qb3 Qc7 6. Nc3 e6 7. cxd5 exd5 8. Nd4 Bg6 9. f4 Nbd7 10. Qd1 c5 11. Ndb5 Qb8 12. g4 d4 13. g5 dxc3 14. gxf6 c2 15. 0-0 cxd1Q 16. Rxd1 Nxf6 17. d4 a6 18. dxc5 Bxc5 19. b4 Bxb4 20. Bb2 axb5 21. Bxb5+ Kf8 22. Rac1 h5 23. a4 Kg8 24. Be5 Qa7 25. Bd4 b6 26. Rc6 Bc5 27. Bxf6 Bxe3+ 28. Kf1 gxf6 29. Rxf6 Qe7 30. Rfd6 Qh4 31. Rxg6+ fxg6 0-1

[Event "Polanica Zdroj op-A 46th"]
[Site "Polanica Zdroj"]
[Date "2010.08.23"]
[Round "5"]
[White "Chrzaszcz, Malvina"]
[Black "Litwin, Jozef"]
[Result "1-0"]
[WhiteElo "2032"]
[BlackElo "2189"]
[PlyCount "80"]
[EventDate "2010.08.19"]
[EventType "swiss"]
[EventRounds "10"]
[EventCountry "POL"]
[SourceTitle "CBM 138 Extra"]
[Source "ChessBase"]
[SourceDate "2010.10.29"]
[SourceVersion "1"]
[SourceVersionDate "2010.10.29"]
[SourceQuality "1"]

1. e4 c5 2. Nf3 d6 3. d4 cxd4 4. Nxd4 Nf6 5. Nc3 a6 6. Be2 e5 7. Nb3 Be7 8. Bg5 Nbd7 9. a4 0-0 10. 0-0 b6 11. Bc4 Bb7 12. Qe2 Qc7 13. Rfd1 Rfc8 14. Nd2 Qc5 15. b3 d5 16. exd5 b5 17. Nde4 Qb4 18. axb5 axb5 19. Nxb5 Nxe4 20. Bxe7 Qxe7 21. Qxe4 Nf6 22. Qd3 Qc5 23. Nc3 Qb6 24. Rxa8 Rxa8 25. Qf5 Re8 26. Bb5 Rc8 27. Bc6 Rd8 28. Bxb7 Qxb7 29. Qxe5 Re8 30. Qd4 Qe7 31. h3 h6 32. Nb5 Qd7 33. c4 Re2 34. Nc3 Rc2 35. c5 Nh5 36. c6 Qf5 37. d6 Nf4 38. d7 Rxc3 39. d8Q+ Kh7 40. Qe7 Rc2 1-0

[Event "Polanica Zdroj op-A 46th"]
[Site "Polanica Zdroj"]
[Date "2010.08.20"]
[Round "2"]
[White "Litwin, Jozef"]
[Black "Dobrowolski, Aleksander"]
[Result "1/2-1/2"]
[WhiteElo "2189"]
[BlackElo "2328"]
[PlyCount "84"]
[EventDate "2010.08.19"]
[EventType "swiss"]
[EventRounds "10"]
[EventCountry "POL"]
[SourceTitle "CBM 138 Extra"]
[Source "ChessBase"]
[SourceDate "2010.10.29"]
[SourceVersion "1"]
[SourceVersionDate "2010.10.29"]
[SourceQuality "1"]

1. d4 Nf6 2. c4 g6 3. g3 Bg7 4. Bg2 0-0 5. Nc3 d6 6. Nf3 Nbd7 7. 0-0 e5 8. h3 c6 9. e4 Qa5 10. Re1 exd4 11. Nxd4 Ne5 12. Bf1 Re8 13. Be3 c5 14. Nc2 Be6 15. Na3 Qb4 16. Nab5 Nxc4 17. Bxc4 Bxc4 18. a3 Qb3 19. Nxd6 Re7 20. Bxc5 Rc7 21. Bd4 Rd7 22. Qxb3 Bxb3 23. e5 Ne8 24. Nxe8 Rxe8 25. Bxa7 Rxe5 26. Rxe5 Bxe5 27. Re1 f6 28. Ne4 Bxb2 29. Nc5 Rd1 30. Rxd1 Bxd1 31. Nxb7 Bf3 32. Nd6 Bxa3 33. Nc4 Bb4 34. Be3 h5 35. Nd2 Bd5 36. f4 Kf7 37. Kf2 Be6 38. h4 Bc8 39. Ne4 Ke6 40. Bc5 Ba5 41. Bd4 Bd8 42. Ke3 Be7 1/2-1/2

[Event "Polanica Zdroj op-A 44th"]
[Site "Polanica Zdroj"]
[Date "2008.08.22"]
[Round "4"]
[White "Jaroch, Pawel"]
[Black "Litwin, Jozef"]
[Result "1-0"]
[WhiteElo "2255"]
[BlackElo "2181"]
[PlyCount "73"]
[EventDate "2008.08.19"]
[EventType "swiss"]
[EventRounds "10"]
[EventCountry "POL"]
[SourceTitle "CBM 126 Extra"]
[Source "ChessBase"]
[SourceDate "2008.11.05"]
[SourceVersion "1"]
[SourceVersionDate "2008.11.05"]
[SourceQuality "1"]

1. c4 c6 2. d4 d5 3. Nc3 Nf6 4. Nf3 dxc4 5. a4 Bf5 6. Ne5 Nbd7 7. Nxc4 Qc7 8. g3 e5 9. dxe5 Nxe5 10. Bf4 Nfd7 11. Bg2 g5 12. Ne3 gxf4 13. Nxf5 0-0-0 14. Qc2 Nc5 15. 0-0 fxg3 16. hxg3 a5 17. Rac1 h5 18. Ne4 Nxe4 19. Qxe4 Bb4 20. Rfd1 Rhe8 21. Ng7 Re7 22. Qf5+ Kb8 23. Qxh5 Red7 24. Rxd7 Rxd7 25. Ne8 Qd8 26. Qxe5+ Ka8 27. Nf6 Re7 28. Qf4 Rxe2 29. Ne4 Qd7 30. Qf6 Qd3 31. Rxc6 Rxe4 32. Bxe4 Qxe4 33. Rc8+ Ka7 34. Qxf7 Qb1+ 35. Kg2 Qxb2 36. Qe8 Qf6 37. Qe3+ 1-0

[Event "Polanica Zdroj op-A 43rd"]
[Site "Polanica Zdroj"]
[Date "2007.08.26"]
[Round "10"]
[White "Litwin, Jozef"]
[Black "Wieczorek, Zbigniew"]
[Result "1/2-1/2"]
[WhiteElo "2198"]
[BlackElo "2301"]
[PlyCount "51"]
[EventDate "2007.08.17"]
[EventType "swiss"]
[EventRounds "10"]
[EventCountry "POL"]
[SourceTitle "CBM 120 Extra"]
[Source "ChessBase"]
[SourceDate "2007.11.01"]
[SourceVersion "1"]
[SourceVersionDate "2007.11.01"]
[SourceQuality "1"]

1. d4 e6 2. c4 f5 3. g3 Nf6 4. Bg2 Bb4+ 5. Bd2 a5 6. Nc3 d6 7. Nf3 0-0 8. 0-0 Qe8 9. Rc1 Bd7 10. Bf4 Bxc3 11. Rxc3 Bc6 12. Rc1 e5 13. dxe5 dxe5 14. Be3 Nbd7 15. Nh4 f4 16. gxf4 Qh5 17. Nf3 Ng4 18. h3 Nxe3 19. fxe3 exf4 20. exf4 Rxf4 21. e3 Rf6 22. Nd4 Rxf1+ 23. Qxf1 Rf8 24. Qe2 Qxe2 25. Nxe2 Bxg2 26. Kxg2 1/2-1/2

[Event "Polanica Zdroj op-A 43rd"]
[Site "Polanica Zdroj"]
[Date "2007.08.25"]
[Round "9"]
[White "Tomczak, Jacek"]
[Black "Litwin, Jozef"]
[Result "1/2-1/2"]
[WhiteElo "2448"]
[BlackElo "2198"]
[PlyCount "105"]
[EventDate "2007.08.17"]
[EventType "swiss"]
[EventRounds "10"]
[EventCountry "POL"]
[SourceTitle "CBM 120 Extra"]
[Source "ChessBase"]
[SourceDate "2007.11.01"]
[SourceVersion "1"]
[SourceVersionDate "2007.11.01"]
[SourceQuality "1"]

1. e4 c5 2. Nf3 d6 3. d4 cxd4 4. Nxd4 Nf6 5. Nc3 a6 6. Bc4 e6 7. Bb3 Nbd7 8. f4 Nc5 9. Qf3 Qc7 10. 0-0 b5 11. f5 e5 12. Nde2 Nxb3 13. cxb3 b4 14. Na4 Bb7 15. Ng3 d5 16. Bg5 Nxe4 17. Nxe4 dxe4 18. Qf2 f6 19. Rac1 Qf7 20. Be3 Bd6 21. Rfd1 Rd8 22. Bb6 Rd7 23. Nc5 Bxc5 24. Qxc5 Rd3 25. Rxd3 exd3 26. Qd6 Qd7 27. Qb8+ Kf7 28. Qc7 Ke8 29. Qb8+ Kf7 30. Qc7 Ke8 31. Be3 Rf8 32. Qb8+ Kf7 33. Rc7 Rxb8 34. Rxd7+ Kg8 35. Ba7 Rc8 36. Rxd3 Rc1+ 37. Kf2 Rc2+ 38. Ke3 Bxg2 39. Rd8+ Kf7 40. Rd7+ Kf8 41. Bb8 Bh3 42. Bd6+ Ke8 43. Re7+ Kd8 44. Rxg7 Bxf5 45. Be7+ Kc8 46. Bxf6 Rxb2 47. Rc7+ Kxc7 48. Bxe5+ Kc6 49. Bxb2 Bb1 50. a3 bxa3 51. Bxa3 Ba2 52. Kd4 Bxb3 53. Kc3 1/2-1/2

[Event "Polanica Zdroj op-A 43rd"]
[Site "Polanica Zdroj"]
[Date "2007.08.22"]
[Round "6"]
[White "Bartel, Marta"]
[Black "Litwin, Jozef"]
[Result "1-0"]
[WhiteElo "2315"]
[BlackElo "2198"]
[PlyCount "79"]
[EventDate "2007.08.17"]
[EventType "swiss"]
[EventRounds "10"]
[EventCountry "POL"]
[SourceTitle "CBM 120 Extra"]
[Source "ChessBase"]
[SourceDate "2007.11.01"]
[SourceVersion "1"]
[SourceVersionDate "2007.11.01"]
[SourceQuality "1"]

1. d4 d5 2. Nf3 Nf6 3. c4 c6 4. Nc3 dxc4 5. a4 Bf5 6. Ne5 Nbd7 7. Nxc4 Qc7 8. g3 e5 9. dxe5 Nxe5 10. Bf4 Nfd7 11. Bg2 g5 12. Ne3 gxf4 13. Nxf5 Ng6 14. Qc2 0-0-0 15. a5 a6 16. 0-0 Kb8 17. Rfc1 Qe5 18. e3 fxe3 19. Nxe3 Bh6 20. Ng4 Qg5 21. Nxh6 Qxh6 22. Ne4 Nge5 23. Rd1 Nf6 24. Nc5 Nfd7 25. Nxb7 Kxb7 26. f4 Qe6 27. fxe5 Nxe5 28. Re1 f6 29. Qf2 Ka8 30. Qb6 Rd6 31. Qxa6+ Kb8 32. Qb6+ Ka8 33. Rac1 Rc8 34. b4 Qe7 35. b5 Qa7 36. Rxe5 fxe5 37. Bxc6+ Rcxc6 38. bxc6 e4 39. Qxa7+ Kxa7 40. c7 1-0

[Event "Niederschlesien-ch op"]
[Site "Wroclaw"]
[Date "2007.06.28"]
[Round "8"]
[White "Litwin, Jozef"]
[Black "Jagodzinski, Piotr"]
[Result "0-1"]
[WhiteElo "2198"]
[BlackElo "2120"]
[PlyCount "109"]
[EventDate "2007.06.25"]
[EventType "swiss"]
[EventRounds "9"]
[EventCountry "POL"]
[SourceTitle "EXT 2011"]
[Source "ChessBase"]
[SourceDate "2010.11.26"]
[SourceVersion "1"]
[SourceVersionDate "2010.11.26"]
[SourceQuality "1"]

1. d4 c6 2. c4 d5 3. Nf3 Nf6 4. Qc2 Ne4 5. Nc3 Qa5 6. Bd2 Nxd2 7. Nxd2 e6 8. e4 dxe4 9. Ndxe4 Be7 10. Bd3 Qb6 11. d5 cxd5 12. cxd5 0-0 13. 0-0 Rd8 14. d6 Bf8 15. Na4 Qc6 16. Qb3 Qd5 17. Qc2 Nc6 18. Rfd1 Nb4 19. Qd2 Nxd3 20. Nac3 Qd4 21. Qxd3 Qxd3 22. Rxd3 b6 23. Rad1 Ba6 24. Rd4 h6 25. f4 f5 26. Ng3 Rd7 27. Nf1 Rad8 28. Ra4 Bc8 29. Re1 Bxd6 30. h3 Kf7 31. Nh2 Bc5+ 32. Kh1 a6 33. Rc4 Rd4 34. Nf3 Rxc4 35. Ne5+ Kf6 36. Nxc4 b5 37. Ne5 g5 38. fxg5+ hxg5 39. Nf3 g4 40. Ng1 Bb7 41. Rd1 Rh8 42. Rd7 Ba8 43. Kh2 Be3 44. Nce2 gxh3 45. Nxh3 Rg8 46. g3 Rc8 47. Rd3 Bh6 48. Rc3 Rd8 49. Rc2 Be4 50. Rc3 Rd2 51. Nhg1 Rxb2 52. a3 Rd2 53. Kh3 Bg5 54. Nf4 e5 55. Nfe2 0-1

[Event "Niederschlesien-ch op"]
[Site "Wroclaw"]
[Date "2007.06.26"]
[Round "4"]
[White "Litwin, Jozef"]
[Black "Hermanowicz, Dominika"]
[Result "1/2-1/2"]
[WhiteElo "2198"]
[BlackElo "2098"]
[PlyCount "72"]
[EventDate "2007.06.25"]
[EventType "swiss"]
[EventRounds "9"]
[EventCountry "POL"]
[SourceTitle "EXT 2011"]
[Source "ChessBase"]
[SourceDate "2010.11.26"]
[SourceVersion "1"]
[SourceVersionDate "2010.11.26"]
[SourceQuality "1"]

1. d4 Nf6 2. c4 e6 3. Nf3 d5 4. Nc3 Be7 5. Bg5 0-0 6. e3 Ne4 7. Bxe7 Qxe7 8. cxd5 Nxc3 9. bxc3 exd5 10. Qc2 Nd7 11. Bd3 h6 12. 0-0 Nf6 13. c4 dxc4 14. Bxc4 c6 15. Rab1 Rb8 16. Rb2 Be6 17. Rfb1 Bxc4 18. Qxc4 Rfc8 19. h3 c5 20. a4 cxd4 21. Qxd4 Rc5 22. Rb5 Ne4 23. Ne5 f5 24. Ng6 Qc7 25. Rxc5 Qxc5 26. Qd7 Nxf2 27. Ne7+ Kh8 28. Nxf5 Rg8 29. Rxb7 Ne4 30. Rc7 Qe5 31. Qf7 Qa1+ 32. Kh2 Qe5+ 33. Kg1 Qa1+ 34. Kh2 Qe5+ 35. Kg1 Qa1+ 36. Kh2 Qe5+ 1/2-1/2

[Event "Polanica Zdroj op-A 42nd"]
[Site "Polanica Zdroj"]
[Date "2006.08.19"]
[Round "1"]
[White "Owczarzak, Jerzy"]
[Black "Litwin, Jozef"]
[Result "1/2-1/2"]
[WhiteElo "2380"]
[BlackElo "2183"]
[PlyCount "100"]
[EventDate "2006.08.19"]
[EventType "swiss"]
[EventRounds "7"]
[EventCountry "POL"]
[SourceTitle "CBM 113 Extra"]
[Source "ChessBase"]
[SourceDate "2006.09.14"]
[SourceVersion "1"]
[SourceVersionDate "2006.09.14"]
[SourceQuality "1"]

1. e4 c5 2. Nf3 d6 3. d4 cxd4 4. Nxd4 Nf6 5. Nc3 a6 6. Be3 e5 7. Nb3 Be6 8. f3 Nbd7 9. g4 b5 10. g5 b4 11. Nd5 Nxd5 12. exd5 Bf5 13. Bd3 Bxd3 14. Qxd3 Be7 15. h4 0-0 16. 0-0-0 f5 17. f4 Qc7 18. Kb1 Rac8 19. Rhf1 a5 20. fxe5 Nxe5 21. Qe2 Qc4 22. Qxc4 Rxc4 23. Nd4 g6 24. Bf4 Rfc8 25. Bxe5 dxe5 26. Nc6 Bd6 27. Nxa5 R4c7 28. b3 e4 29. Rd4 e3 30. Re1 f4 31. Nc4 Rxc4 32. bxc4 Re8 33. c5 Bxc5 34. Rxf4 Re5 35. Rd1 e2 36. Re1 Be3 37. Rxb4 Bd2 38. Rb8+ Kf7 39. Rb7+ Ke8 40. Rxe2 Rxe2 41. Rxh7 Bc3 42. a3 Rd2 43. Rh6 Kf7 44. h5 gxh5 45. Rxh5 Kg6 46. Rh3 Be5 47. c4 Kf5 48. Kc1 Rd4 49. Rc3 Rxd5 50. cxd5 Bxc3 1/2-1/2

[Event "POL-chT 1st League"]
[Site "Jarnoltowek"]
[Date "2005.09.08"]
[Round "6.28"]
[White "Litwin, Jozef"]
[Black "Lisowski, Krzysztof"]
[Result "1/2-1/2"]
[WhiteElo "2221"]
[BlackElo "2241"]
[PlyCount "43"]
[EventDate "2005.09.03"]
[EventType "team-tourn"]
[EventRounds "9"]
[EventCountry "POL"]
[SourceTitle "EXT 2019"]
[Source "ChessBase"]
[SourceDate "2018.10.10"]
[SourceVersion "1"]
[SourceVersionDate "2018.10.10"]
[SourceQuality "1"]
[WhiteTeam "Ostrow Wielkopolski"]
[BlackTeam "Ostroda Ostrodzianka"]
[WhiteTeamCountry "POL"]
[BlackTeamCountry "POL"]

1. d4 d5 2. c4 c6 3. Nf3 Nf6 4. Qc2 g6 5. Bf4 Bf5 6. Qb3 Qc8 7. e3 Bg7 8. Nc3 Be6 9. c5 Nh5 10. Bg5 h6 11. Bh4 g5 12. Bg3 Nxg3 13. hxg3 Nd7 14. Qc2 f5 15. g4 Nf6 16. gxf5 Bxf5 17. Bd3 Bxd3 18. Qxd3 Qe6 19. Qg6+ Qf7 20. Qxf7+ Kxf7 21. Ne5+ Ke8 22. f4 1/2-1/2

[Event "POL-chT 1st League"]
[Site "Jarnoltowek"]
[Date "2005.09.06"]
[Round "4.22"]
[White "Litwin, Jozef"]
[Black "Misiuga, Andrzej"]
[Result "1/2-1/2"]
[WhiteElo "2221"]
[BlackElo "2198"]
[PlyCount "58"]
[EventDate "2005.09.03"]
[EventType "team-tourn"]
[EventRounds "9"]
[EventCountry "POL"]
[SourceTitle "EXT 2019"]
[Source "ChessBase"]
[SourceDate "2018.10.10"]
[SourceVersion "1"]
[SourceVersionDate "2018.10.10"]
[SourceQuality "1"]
[WhiteTeam "Ostrow Wielkopolski"]
[BlackTeam "Dankowice Pasjonat"]
[WhiteTeamCountry "POL"]
[BlackTeamCountry "POL"]

1. d4 Nf6 2. c4 e6 3. Nf3 c5 4. e3 g6 5. Nc3 Bg7 6. dxc5 Qa5 7. Bd2 Qxc5 8. b4 Qe7 9. Nb5 d5 10. c5 Ne4 11. Rc1 0-0 12. Be2 Nc6 13. Nbd4 e5 14. Nb3 a6 15. 0-0 Nxd2 16. Qxd2 Be6 17. a4 d4 18. Bc4 Bh6 19. b5 axb5 20. axb5 dxe3 21. fxe3 Nd4 22. Qd3 Nxb3 23. Qxb3 Qxc5 24. Kh1 Bxc4 25. Rxc4 Qd5 26. e4 Qe6 27. Qc3 Rfc8 28. Rxc8+ Rxc8 29. Qxe5 Qc4 1/2-1/2

[Event "Polanica Zdroj op-A 41st"]
[Site "Polanica Zdroj"]
[Date "2005.08.23"]
[Round "5"]
[White "Litwin, Jozef"]
[Black "Korosciel, Aneta"]
[Result "1-0"]
[WhiteElo "2221"]
[BlackElo "2109"]
[PlyCount "127"]
[EventDate "2005.08.19"]
[EventType "swiss"]
[EventRounds "10"]
[EventCountry "POL"]
[SourceTitle "CBM 108 Extra"]
[Source "ChessBase"]
[SourceDate "2005.11.04"]
[SourceVersion "1"]
[SourceVersionDate "2005.11.04"]
[SourceQuality "1"]

1. d4 Nf6 2. c4 e6 3. Nf3 b6 4. e3 Bb7 5. Bd3 Be7 6. 0-0 0-0 7. Nc3 d5 8. b3 c5 9. Bb2 Nc6 10. Qe2 cxd4 11. exd4 dxc4 12. bxc4 Nb4 13. Bb1 Bxf3 14. gxf3 Qxd4 15. Ne4 Qd7 16. Nxf6+ gxf6 17. Kh1 e5 18. Rg1+ Kh8 19. Qe4 Qh3 20. Rg3 Qf1+ 21. Rg1 Qh3 22. Qe2 Rg8 23. Be4 Rxg1+ 24. Rxg1 Rg8 25. a3 Na6 26. Bd5 Rxg1+ 27. Kxg1 Qh5 28. Qe3 Qg6+ 29. Kf1 Qb1+ 30. Qc1 Qxc1+ 31. Bxc1 Kg7 32. a4 Nc7 33. Be4 Ne6 34. Bd2 Nd4 35. Bc3 Ne6 36. Bd2 Bc5 37. a5 bxa5 38. Bxa5 Bd6 39. Bd2 Bc7 40. Be3 Bb6 41. Bd2 Nc5 42. Bc2 Nb7 43. Ke2 Nd6 44. Bb3 Bc5 45. f4 Nf5 46. Bd1 Kf8 47. Bc3 Bd4 48. Bb4+ Kg7 49. Bc2 a5 50. Ba3 Nh6 51. c5 Kf8 52. Bxh7 Ke8 53. f3 exf4 54. Kd3 Be5 55. Ke4 Kd7 56. Kd5 Kc7 57. h4 Bc3 58. c6 Bb4 59. Bc1 Bd6 60. Bd2 Be5 61. Bxa5+ Kc8 62. Bb4 Kd8 63. Bf8 Ke8 64. Bxh6 1-0

[Event "Perla Baltyku op 1st"]
[Site "Mielno"]
[Date "2005.06.13"]
[Round "4"]
[White "Hnydiuk, Aleksander"]
[Black "Litwin, Jozef"]
[Result "1-0"]
[WhiteElo "2304"]
[BlackElo "2221"]
[PlyCount "89"]
[EventDate "2005.06.10"]
[EventType "swiss"]
[EventRounds "10"]
[EventCountry "POL"]
[SourceTitle "EXT 2006"]
[Source "ChessBase"]
[SourceDate "2005.11.24"]
[SourceVersion "1"]
[SourceVersionDate "2005.11.24"]
[SourceQuality "1"]

1. e4 c5 2. Nc3 e6 3. Nge2 Nc6 4. d4 cxd4 5. Nxd4 d6 6. g3 Nf6 7. Bg2 Be7 8. Nxc6 bxc6 9. e5 Nd5 10. exd6 Bxd6 11. Ne4 Be7 12. c4 Nb4 13. Qxd8+ Bxd8 14. 0-0 0-0 15. Bf4 Be7 16. Rfd1 f6 17. Bd6 Bxd6 18. Nxd6 Rb8 19. a3 Na6 20. b4 Bd7 21. f4 Rfd8 22. b5 cxb5 23. Nb7 Rxb7 24. Bxb7 Nc5 25. Bc6 bxc4 26. Rac1 Nd3 27. Bxd7 Rxd7 28. Rxc4 e5 29. fxe5 fxe5 30. Re4 Kf7 31. Re3 Nc5 32. Rxd7+ Nxd7 33. Rc3 Ke6 34. Rc6+ Kf5 35. Rc7 Nf6 36. Rxa7 Ke4 37. Rxg7 Kd3 38. Rf7 Ng4 39. h3 Ne3 40. Kf2 Nc2 41. Rd7+ Nd4 42. a4 e4 43. a5 e3+ 44. Ke1 Ke4 45. Rxd4+ 1-0

[Event "POL-chT 2nd League"]
[Site "Polanica Zdroj"]
[Date "2004.09.09"]
[Round "8"]
[White "Litwin, Jozef"]
[Black "Zaskalski, Arkadiusz"]
[Result "0-1"]
[WhiteElo "2176"]
[BlackElo "2204"]
[PlyCount "66"]
[EventDate "2004.09.04"]
[EventType "team-swiss"]
[EventRounds "11"]
[EventCountry "POL"]
[SourceTitle "CBM 102 Extra"]
[Source "ChessBase"]
[SourceDate "2004.11.03"]
[SourceVersion "1"]
[SourceVersionDate "2004.11.03"]
[SourceQuality "1"]
[WhiteTeam "Ostrow Wielkopolski"]
[BlackTeam "Rolnik Roza"]
[WhiteTeamCountry "POL"]
[BlackTeamCountry "POL"]

1. d4 Nf6 2. c4 c5 3. e3 g6 4. Nf3 Bg7 5. Nc3 cxd4 6. exd4 d5 7. Qb3 dxc4 8. Bxc4 0-0 9. Ne5 e6 10. Be3 Nc6 11. Nxc6 bxc6 12. Be2 Nd5 13. Nxd5 cxd5 14. 0-0 Qd6 15. Qa4 Bd7 16. Qa6 Qxa6 17. Bxa6 Rfb8 18. b3 Rb6 19. Be2 Bb5 20. Bxb5 Rxb5 21. Rac1 Rb4 22. Rc2 a5 23. Rfc1 h5 24. Rc8+ Rxc8 25. Rxc8+ Kh7 26. Ra8 Bxd4 27. Bxd4 Rxd4 28. Kf1 Rd2 29. Rxa5 Rb2 30. Ra4 Kg7 31. b4 Kf6 32. a3 Ke5 33. Ra5 Ke4 0-1

[Event "POL-chT 2nd League"]
[Site "Polanica Zdroj"]
[Date "2004.09.08"]
[Round "6"]
[White "Litwin, Jozef"]
[Black "Praszak, Michal"]
[Result "0-1"]
[WhiteElo "2176"]
[BlackElo "2210"]
[PlyCount "70"]
[EventDate "2004.09.04"]
[EventType "team-swiss"]
[EventRounds "11"]
[EventCountry "POL"]
[SourceTitle "CBM 102 Extra"]
[Source "ChessBase"]
[SourceDate "2004.11.03"]
[SourceVersion "1"]
[SourceVersionDate "2004.11.03"]
[SourceQuality "1"]
[WhiteTeam "Ostrow Wielkopolski"]
[BlackTeam "Lublin Drakon"]
[WhiteTeamCountry "POL"]
[BlackTeamCountry "POL"]

1. d4 Nf6 2. c4 c5 3. d5 b5 4. cxb5 a6 5. e3 Bb7 6. Nc3 e6 7. e4 axb5 8. Bxb5 Qa5 9. Qe2 Be7 10. Bd2 Qb6 11. Bc4 Na6 12. dxe6 fxe6 13. Nf3 Nb4 14. Rc1 0-0 15. a3 Nc6 16. e5 Ng4 17. 0-0 Rxf3 18. Qxf3 Ngxe5 19. Qe2 Nxc4 20. Qxc4 Ba6 21. Qa4 Qxb2 22. Be3 Qb8 23. Rfe1 Bd3 24. Qd1 c4 25. Nb1 Bf6 26. Qg4 Qb2 27. h4 Ne5 28. Qg3 Bf5 29. Red1 d5 30. Bg5 Bxg5 31. hxg5 Nd3 32. Rc3 Qe2 33. Qf3 Qxf3 34. gxf3 Nf4 35. Kf1 Rb8 0-1

[Event "POL-chT 2nd League"]
[Site "Polanica Zdroj"]
[Date "2004.09.07"]
[Round "5"]
[White "Kolago, Marcin"]
[Black "Litwin, Jozef"]
[Result "0-1"]
[WhiteElo "2279"]
[BlackElo "2176"]
[PlyCount "61"]
[EventDate "2004.09.04"]
[EventType "team-swiss"]
[EventRounds "11"]
[EventCountry "POL"]
[SourceTitle "CBM 102 Extra"]
[Source "ChessBase"]
[SourceDate "2004.11.03"]
[SourceVersion "1"]
[SourceVersionDate "2004.11.03"]
[SourceQuality "1"]
[WhiteTeam "Ostroda Ostrodzianka"]
[BlackTeam "Ostrow Wielkopolski"]
[WhiteTeamCountry "POL"]
[BlackTeamCountry "POL"]

1. e4 c5 2. c3 Nf6 3. e5 Nd5 4. d4 cxd4 5. Nf3 Nc6 6. Bc4 Nb6 7. Bb3 d5 8. cxd4 Bg4 9. Be3 e6 10. 0-0 Be7 11. Qe2 0-0 12. Nc3 Rc8 13. h3 Bh5 14. Rac1 Na5 15. Bc2 Nac4 16. Bd3 Nxe3 17. fxe3 Bg6 18. Bxg6 hxg6 19. Rc2 Qd7 20. Rfc1 Nc4 21. Nd1 a6 22. Nd2 Nb6 23. Qd3 Rxc2 24. Rxc2 Rc8 25. Rxc8+ Qxc8 26. Qc3 Qxc3 27. Nxc3 Bb4 28. Kf2 Bxc3 29. bxc3 Kf8 30. Ke2 Ke7 31. Kd3 0-1

[Event "POL-chT 58th 2nd League"]
[Site "Wisla"]
[Date "2002.??.??"]
[Round "?"]
[White "Bielinski, Dariusz"]
[Black "Litwin, Jozef"]
[Result "0-1"]
[WhiteElo "2204"]
[BlackElo "2251"]
[PlyCount "40"]
[EventDate "2002.08.30"]
[EventType "team-swiss"]
[EventRounds "11"]
[EventCountry "POL"]
[SourceTitle "EXT 2019"]
[Source "ChessBase"]
[SourceDate "2018.10.10"]
[SourceVersion "1"]
[SourceVersionDate "2018.10.10"]
[SourceQuality "1"]

1. e4 c5 2. Nf3 d6 3. d4 cxd4 4. Nxd4 Nf6 5. Nc3 a6 6. Be3 e5 7. Nb3 Be6 8. f3 Nbd7 9. Qd2 Be7 10. g4 Nb6 11. 0-0-0 Qc7 12. Kb1 0-0-0 13. g5 Nfd7 14. h4 Nc5 15. Qf2 Kb8 16. Be2 Nca4 17. Nxa4 Nxa4 18. f4 f6 19. f5 Bf7 20. Bf3 Qc6 0-1

[Event "POL-chT 58th 2nd League"]
[Site "Wisla"]
[Date "2002.??.??"]
[Round "?"]
[White "Litwin, Jozef"]
[Black "Kazek, Krzysztof"]
[Result "1/2-1/2"]
[WhiteElo "2251"]
[BlackElo "2208"]
[PlyCount "40"]
[EventDate "2002.08.30"]
[EventType "team-swiss"]
[EventRounds "11"]
[EventCountry "POL"]
[SourceTitle "EXT 2019"]
[Source "ChessBase"]
[SourceDate "2018.10.10"]
[SourceVersion "1"]
[SourceVersionDate "2018.10.10"]
[SourceQuality "1"]

1. d4 Nf6 2. c4 e6 3. Nc3 b6 4. Nf3 Bb7 5. Bd2 Bb4 6. e3 0-0 7. Bd3 c5 8. 0-0 d6 9. Qe2 Nbd7 10. Rfd1 Qe7 11. a3 Bxc3 12. Bxc3 Rad8 13. b4 Ne4 14. Bb2 f5 15. Nd2 e5 16. Nb3 Rf6 17. f3 Ng5 18. dxe5 Nxe5 19. Bxe5 dxe5 20. bxc5 bxc5 1/2-1/2

[Event "POL-chT 58th 2nd League"]
[Site "Wisla"]
[Date "2002.??.??"]
[Round "?"]
[White "Tworuszka, Michal"]
[Black "Litwin, Jozef"]
[Result "1/2-1/2"]
[WhiteElo "2259"]
[BlackElo "2251"]
[PlyCount "40"]
[EventDate "2002.08.30"]
[EventType "team-swiss"]
[EventRounds "11"]
[EventCountry "POL"]
[SourceTitle "EXT 2019"]
[Source "ChessBase"]
[SourceDate "2018.10.10"]
[SourceVersion "1"]
[SourceVersionDate "2018.10.10"]
[SourceQuality "1"]

1. e4 c5 2. Nf3 d6 3. d4 cxd4 4. Nxd4 Nf6 5. f3 e5 6. Nb3 Be6 7. c4 Qc7 8. Na3 a6 9. Be3 Nbd7 10. Be2 Be7 11. 0-0 0-0 12. Qd2 Rfd8 13. Rfd1 b6 14. Rac1 Qb7 15. Nb1 Rdc8 16. Nc3 Rc7 17. Nd5 Bxd5 18. cxd5 Rac8 19. Rxc7 Rxc7 20. Rc1 Rxc1+ 1/2-1/2